| 000 | 00547nam a2200181Ia 4500 | ||
|---|---|---|---|
| 003 | GCL | ||
| 008 | 140319s9999 xx 000 0 ara d | ||
| 040 |
_aGCL / _cGCL |
||
| 082 | 0 | 4 |
_a329.943 _bك ز |
| 100 | 1 | _aكارل غوستاف بونغ | |
| 245 | 1 | 0 |
_aالنازية فى ضوء علم النفس / _cكارل غوستاف بونغ |
| 700 | 1 | _aنهاد خياطة | |
| 260 |
_a[S.N] : _bالمؤسسة الحديثة للكتاب ، _c1993 |
||
| 490 | _a | ||
| 650 | 0 | 4 | _aعلم النفس |
| 650 | 0 | 4 | _aالنازية |
| 942 |
_2ddc _cBK |
||
| 999 |
_c33788 _d33788 |
||